Západné Tatry - Roháče

Bibliographic Details
Other Authors: Daňová, Mária, 1952- (Compiler), Tarábek, Ján (Photographer)
Format: Photo
Language:Slovak
English
PhysicalDescription:1 skladačka ([13] s.) fotogr. 8 x 97 cm po zložení 8 x 11 cm
Published: [Nitra] FOTAR [2004]
ISBN:8096877259
Subjects:

MARC

LEADER 00000nkm a2200000 a 4500
001 vtls001521322
003 SK-MaSNL
005 20260302073922.0
007 kh cou
008 231206s2004 xo g kuslo
015 |a SNBG2005/04-01018 
020 |a 8096877259  |q (brož.) 
040 |a SNK  |b slo  |c SNK  |e AACR2 
041 0 |a slo  |a eng 
043 |a e-xo--- 
080 |a 908(437.6)  |x (089.7)  |2 snkbusd 
080 |a (084.12)  |2 MDT-MRF 
245 0 0 |a Západné Tatry - Roháče  |h grafika  |c foto: Ján Tarábek ; text zostavila: Mária Daňová 
260 |a [Nitra]  |b FOTAR  |c [2004] 
300 |a 1 skladačka ([13] s.)  |b fotogr.  |c 8 x 97 cm po zložení 8 x 11 cm 
546 |a Súbežný text angl. 
651 7 |a Roháče (Západné Tatry, Slovensko : pohorie)  |2 SNKPH  |9 74675 
655 7 |a skladačky  |2 SNKPH  |9 70683 
655 7 |a geografické pohľadnice  |2 SNKPH  |9 70522 
700 1 |a Daňová, Mária,  |d 1952-  |4 com  |9 40331 
700 1 |a Tarábek, Ján  |4 pht  |9 47326 
919 |a ISBN80-968772-5-9 
958 |a GC 
958 |a GBN 
999 |c 1162860  |d 1164790 
952 |a SNK  |b SNK  |y PREZ  |7 0  |p 17A0455118  |o snkOSE 4232  |i snk2005/4710  |8 0  |0 0  |1 0  |4 0  |d 2005-03-29  |l 0  |r 2026-02-24 20:39:02  |w 2026-02-24 
952 |a SNK  |b SNK  |y PREZ  |7 0  |p 17A0455119  |o snkOSE 4232 D1  |i snk2005/4711  |8 0  |0 0  |1 0  |4 0  |d 2005-03-29  |l 0  |r 2026-02-24 20:39:02  |w 2026-02-24